000
00316nam a22001337a 4500
003
SGT
082
_a
920
_b
FAT
100
_a
FATIMI AL
245
_a
SYEDNA MOHAMMED BURHANUDDIN AN ILLUSTRATED BIOGRAPHY
250
_a
1ST
260
_a
LONDON
_b
AL JAME'AH AL SAFIYAH TRUST
_c
2001
300
_a
180
942
_2
ddc
_c
BK
999
_c
26725
_d
26725